Анализ данных с помощью технологий Big Data; Информационные технологии в науке, управлении, социальной сфере и медицине; Ч. 1
| Parent link: | Информационные технологии в науке, управлении, социальной сфере и медицине: сборник научных трудов V Международной научной конференции, 17-21 декабря 2018 г., Томск/ Национальный исследовательский Томский политехнический университет (ТПУ) ; Томский государственный педагогический университет (ТГПУ) ; под ред. О. Г. Берестневой [и др.].— , 2018 Ч. 1.— 2018.— [С. 255-257] |
|---|---|
| Autor principal: | |
| Autor corporatiu: | |
| Altres autors: | |
| Sumari: | Заглавие с титульного экрана This article focuses on the use of social data analysis in various areas of activity and ways of analyzing and processing this data. |
| Idioma: | rus |
| Publicat: |
2018
|
| Col·lecció: | Информационные системы и технологии |
| Matèries: | |
| Accés en línia: | http://earchive.tpu.ru/handle/11683/52293 |
| Format: | MixedMaterials Electrònic Capítol de llibre |
| KOHA link: | https://koha.lib.tpu.ru/cgi-bin/koha/opac-detail.pl?biblionumber=628888 |
MARC
| LEADER | 00000naa2a2200000 4500 | ||
|---|---|---|---|
| 001 | 628888 | ||
| 005 | 20231101133532.0 | ||
| 035 | |a (RuTPU)RU\TPU\conf\29228 | ||
| 035 | |a RU\TPU\conf\29227 | ||
| 090 | |a 628888 | ||
| 100 | |a 20190115d2018 k y0rusy50 ca | ||
| 101 | 0 | |a rus |d eng | |
| 102 | |a RU | ||
| 105 | |a y z 101zy | ||
| 135 | |a drgn ---uucaa | ||
| 181 | 0 | |a i | |
| 182 | 0 | |a b | |
| 200 | 1 | |a Анализ данных с помощью технологий Big Data |d Data analysis using Big Data technologies |f Н. И. Журбич, П. А. Зяблецев | |
| 203 | |a Текст |c электронный | ||
| 225 | 1 | |a Информационные системы и технологии | |
| 230 | |a 1 компьютерный файл (pdf; 327 Kb) | ||
| 300 | |a Заглавие с титульного экрана | ||
| 320 | |a [Библиогр.: с. 257 (4 назв.)] | ||
| 330 | |a This article focuses on the use of social data analysis in various areas of activity and ways of analyzing and processing this data. | ||
| 461 | 1 | |0 (RuTPU)RU\TPU\conf\29207 |t Информационные технологии в науке, управлении, социальной сфере и медицине |o сборник научных трудов V Международной научной конференции, 17-21 декабря 2018 г., Томск |o в 2 ч. |f Национальный исследовательский Томский политехнический университет (ТПУ) ; Томский государственный педагогический университет (ТГПУ) ; под ред. О. Г. Берестневой [и др.] |d 2018 | |
| 463 | 1 | |0 (RuTPU)RU\TPU\conf\29208 |t Ч. 1 |v [С. 255-257] |d 2018 | |
| 510 | 1 | |a Data analysis using Big Data technologies |z eng | |
| 610 | 1 | |a электронный ресурс | |
| 610 | 1 | |a труды учёных ТПУ | |
| 610 | 1 | |a Big Data technologies | |
| 610 | 1 | |a data mining | |
| 610 | 1 | |a methods of data analysis | |
| 610 | 1 | |a personal data | |
| 610 | 1 | |a areas of use | |
| 610 | 1 | |a технологии | |
| 610 | 1 | |a большие данные | |
| 610 | 1 | |a интеллектуальный анализ | |
| 610 | 1 | |a персональные данные | |
| 610 | 1 | |a социальные данные | |
| 700 | 1 | |a Журбич |b Н. И. | |
| 701 | 1 | |a Зяблецев |b П. А. | |
| 712 | 0 | 2 | |a Национальный исследовательский Томский политехнический университет (ТПУ) |c (2009- ) |2 stltpush |3 (RuTPU)RU\TPU\col\15902 |
| 801 | 2 | |a RU |b 63413507 |c 20190118 |g RCR | |
| 856 | 4 | |u http://earchive.tpu.ru/handle/11683/52293 | |
| 942 | |c BK | ||